000 00291nam a2200097Ia 4500
001 1204200
005 20250827022723.0
008 250824s9999 xx 000 0 und d
245 0 _aKAPTAN DÜŞÜKDON VE SÜMÜKLÜ BİYONİK ÇOCUĞUN BÜYÜK SAVAŞI
_cDAV PİLKEY
260 _bALTIN KİTAPLAR
999 _c1204200
_d1204200